Name the Penguins - Statistics

General Stats
  • This quiz has been taken 69 times
  • The average score is 10 of 17
Answer Stats
Answer % Correct
Emperor
90%
King
75%
Macaroni
73%
Adélie
68%
Chinstrap
68%
Gentoo
68%
African
60%
Royal
60%
Galapagos
55%
Humboldt
53%
Southern Rockhopper
50%
Yellow Eyed
50%
Magellanic
48%
Erect-Crested
43%
Northern Rockhopper
43%
Fiordland
40%
Snares
38%
No matching quizzes found
Score Distribution
Percent of People with Each Score
Percentile by Number Answered
Your Score History
You have not taken this quiz